000 00902nam a2200229Ii 4500
003 JO-AjNU
008 230605s9999||||xx |||||||||||||| ||und||
017 _a1986/10/437
040 _aJO-AjNU
_bara
_erda
_cJO-AjNU
041 _aara
050 1 4 _aDS154.2.E5764 1987
100 3 _aتاليف: عباس، إحسان,
_eauthor
_960284
245 0 0 _aبحوث في تاريخ بلاد الشام: تاريخ دولة الانباط
250 _aالطبعة الاولى
264 3 1 _aعمان: دار الشروق للنشر والتوزيع، 1987
300 _a173ص
_b ويحتوي على ملاحق و قائمة مراجع من ص151ص- 173ص
336 _atext
_btxt
_2rdacontent
337 _aunmediated
_bn
_2rdamedia
338 _avolume
_bnc
_2rdacarrier
490 0 _aسلسلة بحوث في تاريخ بلاد الشام
650 4 _aالتاريخ- دولة الانباط
_960285
999 _aA27175
_c30743
_d30743